Peintres connus 5 - Statistiques

Statistiques générales
  • Ce quiz a été pris 8 fois
  • Le résultat moyen est 6 sur 16
Statistiques - réponses
Par images Réponse % Correct
Banksy
80%
Berthe Morisot
80%
Jean-Michel Basquiat
80%
Grant Wood
60%
Nicolas Poussin
60%
James Abbott McNeill Whistler
40%
Jean-Baptiste-Camille Corot
40%
Lucian Freud
40%
Max Ernst
40%
Frans Hals
20%
Giorgione
20%
Ivan Chichkine
20%
John Everett Millais
20%
Judith Leyster
20%
Thomas Gainsborough
20%
John Singer Sargent
0%
Aucun quiz correspondant
Distribution des résultats
% des personnes avec chaque résultat
Percentile par nombre de réponses
Votre historique - résultats
Vous n’avez pas pris ce quiz